000 00345nam a2200145Ia 4500
008 230717s9999 xx 000 0 und d
020 _a0-421-41360-3
041 _aeng
082 _a340
_bMIE
100 _aMiers D.R
245 _aLegislation
250 _a2ed.
260 _aLondon
_bSweet And Maxwell Limited
_c1990
700 _a Page A.C.,
999 _c671379
_d671379